000 00265nam a2200097Ia 4500
008 230508s2004 xx 000 0 und d
041 _aeng
100 _aCOY HORSTMANN & CORNELL
245 _aCORE JAVA-2 VOL-2 ADVANCED FEATURES
260 _bPEARSON EDUCATION IN
_c2004
999 _c715789
_d715789